| 000 | 00928nam a22002537a 4500 | ||
|---|---|---|---|
| 001 | 48603 | ||
| 003 | BD-RjUL | ||
| 005 | 20211209054543.0 | ||
| 008 | 160814s1983 bg a|||| |||| 00| 0 ben d | ||
| 020 | _c : TK. 30.00 | ||
| 035 | _a(BD-RjUL)48722 | ||
| 040 |
_aBD-RjUL _bben _cBD-RjUL |
||
| 041 | _aben | ||
| 082 |
_223 _a651.3 _bANO 1983 |
||
| 100 | 1 |
_aআনজুম, নাসিম _9146741 |
|
| 245 | 1 | 0 |
_aঅফিস ব্যবস্থাপনা / _cনাসিম আনজুম |
| 250 | _a১ম সং | ||
| 260 |
_aরাজশাহী, বাংলাদেশ : _bহোসনে আরা হেনা, _c১৯৮৩ |
||
| 300 |
_a[৪], ২৮৩ পৃ. : _bচিত্র ; _c২১ সেমি. |
||
| 504 | _aগ্রন্থপঞ্জি সংযুক্ত | ||
| 650 |
_aঅফিস ব্যবস্থাপনা _9143613 |
||
| 650 |
_aOffice Management _9143614 |
||
| 942 |
_2ddc _cBK |
||
| 999 |
_c48603 _d48603 |
||